| 000 | 01406nam a22003854i 4500 | ||
|---|---|---|---|
| 999 |
_c63710 _d63710 |
||
| 001 | 768714001 | ||
| 003 | CO-MdFUSB | ||
| 005 | 20200415162031.0 | ||
| 007 | cr cn||||||||| | ||
| 008 | 140911t2014 sp g 001 0 spa d | ||
| 020 |
_a9788499452456 _qelectrónico |
||
| 040 |
_aCO-MdFUSBC _bspa _erda _cCO-MdFUSB _dCO-MdFUSBC |
||
| 041 | _aspa | ||
| 082 | 0 | 4 |
_a227.9407 _223 |
| 100 | 1 |
_aLlamas Vela, Antonio. _eautor |
|
| 110 | _aAsociación Bíblica Española | ||
| 245 | 1 | 0 |
_aCartas Joánicas _c/ Antonio Llamas Vela. _h[recurso electrónico] |
| 264 | 1 |
_aEspaña : _bVerbo Divino, _c[2014] |
|
| 264 | 4 | _c© 2014 | |
| 300 |
_arecurso en línea (75 páginas) _c; |
||
| 336 |
_atexto _2rdacontent _btxt |
||
| 337 |
_ainformático _2rdamedia _bc |
||
| 338 |
_aremoto _2rdacarrier _bcr |
||
| 347 |
_2rda _afichero de texto _bHtml |
||
| 490 | 1 | _aReseña Bíblica | |
| 505 | _aSECCIÓN MONOGRÁFICA. -- SECCIÓN ABIERTA. -- SECCIÓN DIDÁCTICA. -- SECCIÓN INFORMATIVA | ||
| 516 | _aTexto electrónico | ||
| 538 | _aAcceso a Internet; requiere usuario y clave asignada por la biblioteca | ||
| 630 | 0 | 7 |
_aBiblia. _pNuevo Testamento |
| 830 |
_aReseña Bíblica _v70 |
||
| 856 | 4 | 0 |
_uhttp://site.ebrary.com/lib/unisbcsp/Doc?id=10903712 _b10903712 _zAbrir Versión electrónica del libro Cartas Joánicas |
| 942 | _cBK | ||
| 945 | _aJTF-925 | ||